00429nam a2200169Ia 4500003000400000005001700004008004000021020001800061040000700079041000800086082001500094100002100109245005000130250000600180260005800186300001500244OSt20250702092630.0210210b2010 xxu||||| |||| 00| 0 eng d a9780070249073 cAL aeng a332.6 PRAI aPrasanna Chandra aInvestment analysis and portfolio management  a3 aNew DelhibTata McGraw Hill Education Pvt. Ltd.c2010 axxii,734 p